Súboj s klimatickým strašidlom

Investície do výskumu klímy. Proti sebe stojace tábory - alarmisti bijúci na poplach a skeptici, ktorí globálne otepľovanie považujú za nebezpečný nezmysel. Protichodné interpretácie. V čom je zhoda. Omyly alarmizmu.

Na minha lista:
Detalhes bibliográficos
Autor principal: Jurina, Ľubomír
Formato: Capítulo de Livro
Idioma:eslovaco
Assuntos:
Tags: Adicionar Tag
Sem tags, seja o primeiro a adicionar uma tag!

MARC

LEADER 00000naa a2200000 4500
001 0165955
005 20231113080738.7
041 0 |a slo 
044 |a SK 
245 1 0 |a Súboj s klimatickým strašidlom  |c Ľubomír Jurina 
520 |a Investície do výskumu klímy. Proti sebe stojace tábory - alarmisti bijúci na poplach a skeptici, ktorí globálne otepľovanie považujú za nebezpečný nezmysel. Protichodné interpretácie. V čom je zhoda. Omyly alarmizmu. 
610 2 0 |a zmeny klimatické 
610 2 0 |a ochrana prostredia životného 
610 2 0 |a veda 
610 2 0 |a výskum 
610 2 0 |a ekológia 
100 1 |a Jurina, Ľubomír